000 00427nam a2200181Ia 4500
001 453
005 20260306140519.0
008 260306t2007||||xx |||||||||||||| ||spa||
041 _aESP
082 _a121
_bB92
100 _aBunge, Mario
_eAUT
245 0 _aUna filosofía realista para el nuevo milenio
260 _c2007
300 _a296 páginas :
_c22 cm.
650 _aGEN
654 _aCHU
942 _cLIB
_dJUS
_fJUS
_2ddc
_n
999 _c453
_d453